000 00466cam a2200193ua 4500
001 10134
008 170331n ii |||gr||||Z||||||eng
020 _a9788123023281
040 _cMAIN
041 _aeng
082 _a050
245 _aIndia 2017
_ba reference annual
250 _a61st ed.
260 _aNew Delhi:
_bMinistry of I & B, GOI,
_c2017.
300 _a992+24p.
653 _aGeneral serial publications
653 _aGeneral knowledge
942 _cBK
999 _c9132
_d9132